| 000 | 00942nam a2200265Ia 4500 | ||
|---|---|---|---|
| 003 | OSt | ||
| 005 | 20221005110646.0 | ||
| 006 | a|||||r|||| 00| 0 | ||
| 007 | ta | ||
| 008 | 221004b |||||||| |||| 00| 0 hin d | ||
| 020 |
_a9788126713424 (hbk) _c400 |
||
| 024 | _a16832 | ||
| 037 |
_bBR8456, 23/03/2015, Rajkamal Prakashan Pvt. Ltd. _cTextual |
||
| 040 |
_aCRL _cCRL _bhin |
||
| 041 |
_2hin _ahin |
||
| 082 | _aO152,3N42w,1, P7 | ||
| 100 | _aखेतान, प्रभा | ||
| 245 | 0 | _aअन्या से अनन्या | |
| 246 | _aAnyā se ananyā | ||
| 260 |
_aनई दिल्ली _bराजकमल प्रकाशन भारत _c2007 |
||
| 300 |
_a289पृ0 _ccm. |
||
| 650 | _aहिन्दी साहित्य | ||
| 942 |
_hO152,3N42w,1, P7 _cTEXL _2cc |
||
| 999 |
_c1019499 _d1019499 |
||